Widok standardowy
Widok MARC
Pozycja Corporate Name
Liczba rekordów, w których użyto hasła: 1
001 - Numer kontrolny
- control field: 40794
003 - Identyfikator numeru kontrolnego
- control field: NUKAT
005 - Data i czas ostatniej modyfikacji
- control field: 20260428125103.0
008 - Dane kontrolne kodowane (40 znaków)
- fixed length control field: 200921n||azznnbabn |a ana |c
010 ## - Numer kontrolny Biblioteki Kongresu
- numer kontrolny LC: p 2020116559
035 ## - Numer systemowy
- numer systemowy: (PL)a1000000815417
040 ## - Instytucja sporządzająca rekord
- inst. przygot. dane do rek. khw: WA N
- język haseł przedmiotowych/tezaurus: DBN
- inst. wprow. rek. khw: WA N
043 ## - Kod obszaru geograficznego
- ISO code: PL
110 2# - Hasło - nazwa ciała zbiorowego
- nazwa ciała zbior. lub geogr. na pocz.: Detachement rtm. Abrahama
370 ## - Associated place
- Country: Polska
372 ## - Field of activity
- Field: Kawaleria
377 ## - Assoc lang
- Lang code: pol
410 2# - Trop zob. - nazwa ciała zbiorowego
- nazwa ciała zbior. lub geogr. na pocz.: Detachement rotmistrza Romana Abrahama
665 ## - Nota historyczna
- nota historyczna: Oddział wydzielony Wojska Polskiego w czasie wojny z bolszewikami w 1920.
670 ## - Źródło informacji
- źródło informacji: "Ułani, ułani, malowane dzieci"... / Janina Łada-Walicka. - Warszawa, 2020.
670 ## - Źródło informacji
- źródło informacji: Wikipedia